[Event "British Columbia-ch"]
[Site "Vancouver CAN"]
[Date "2018.10.05"]
[Round "1.1"]
[White "Morozov, Grigory"]
[Black "Doknjas, Joshua"]
[Result "1/2-1/2"]
[WhiteElo "2365"]
[BlackElo "2250"]
[PlyCount "124"]
[EventDate "2018.10.05"]
[EventType "tourn"]
[EventRounds "1"]
[EventCountry "CAN"]

1. d4 Nf6 2. c4 e6 3. Nf3 d5 4. Bg5 Bb4+ 5. Nc3 dxc4 6. e3 b5 7. a4 c6 8. Be2
Bb7 9. O-O a6 10. Ne4 Nbd7 11. b3 cxb3 12. Qxb3 Be7 13. Ned2 h6 14. Bh4 O-O 15.
Nc4 Rb8 16. Nce5 c5 17. axb5 axb5 18. Bxb5 Nxe5 19. Nxe5 cxd4 20. exd4 Qxd4 21.
Bg3 Bd5 22. Qa4 Qe4 23. f3 Qe3+ 24. Kh1 Ra8 25. Qf4 Qxf4 26. Bxf4 Rxa1 27. Rxa1
Nh5 28. Bd2 Rb8 29. Nc6 Rxb5 30. Nxe7+ Kf8 31. Nxd5 exd5 32. g4 Nf6 33. Bc3 Ne8
34. Kg2 f6 35. Ra7 Nd6 36. Rd7 Nc4 37. Bd4 Ne5 38. Rc7 Rb3 39. Rc5 Nd3 40. Rc8+
Kf7 41. Rc7+ Kg6 42. Kg3 Ne1 43. Rc3 Rxc3 44. Bxc3 Nc2 45. f4 d4 46. Bd2 f5 47.
h3 Na3 48. Kf3 Nc4 49. Bb4 d3 50. Bc3 d2 51. Ke2 fxg4 52. hxg4 Ne3 53. f5+ Kf7
54. Bxd2 Nxg4 55. Bc3 Nf6 56. Kf3 Nd5 57. Be5 Ne7 58. Kg4 Nd5 59. Bd4 Nf6+ 60.
Kh4 Ke7 61. Bc5+ Kd7 62. Bf8 Ne8 1/2-1/2

[Event "British Columbia-ch"]
[Site "Vancouver CAN"]
[Date "2018.10.05"]
[Round "1.4"]
[White "Hemstapat, Andrew"]
[Black "Sohal, Tanraj"]
[Result "0-1"]
[WhiteElo "2201"]
[BlackElo "2377"]
[PlyCount "68"]
[EventDate "2018.10.05"]
[EventType "tourn"]
[EventRounds "1"]
[EventCountry "CAN"]

1. e4 c5 2. Nf3 Nc6 3. Nc3 e6 4. d4 cxd4 5. Nxd4 Nf6 6. Nxc6 bxc6 7. e5 Nd5 8.
Ne4 Qc7 9. f4 Qb6 10. a3 Be7 11. Qf3 f5 12. Nd6+ Bxd6 13. exd6 O-O 14. Bd3 Bb7
15. c4 Nf6 16. Be3 c5 17. Qe2 Qxd6 18. O-O-O Qc7 19. Rhg1 Rab8 20. g4 Be4 21.
g5 Bxd3 22. Qxd3 Ne4 23. g6 d6 24. gxh7+ Kxh7 25. Rg2 Rb7 26. Kc2 a5 27. a4
Rfb8 28. Bc1 Rb3 29. Qe2 Qb7 30. Qh5+ Kg8 31. Rdg1 Rxb2+ 32. Bxb2 Qxb2+ 33. Kd1
Qb1+ 34. Ke2 Qc2+ 0-1

[Event "British Columbia-ch"]
[Site "Vancouver CAN"]
[Date "2018.10.06"]
[Round "2.1"]
[White "Doknjas, Joshua"]
[Black "Sohal, Tanraj"]
[Result "1/2-1/2"]
[WhiteElo "2250"]
[BlackElo "2377"]
[PlyCount "36"]
[EventDate "2018.10.05"]
[EventType "tourn"]
[EventRounds "1"]
[EventCountry "CAN"]

1. e4 c5 2. Nf3 e6 3. d4 cxd4 4. Nxd4 Nc6 5. Nc3 Qc7 6. Be3 a6 7. Qf3 Ne5 8.
Qg3 h5 9. O-O-O h4 10. Qh3 b5 11. f4 Nc4 12. Bxc4 Qxc4 13. f5 Bb7 14. Rhe1 e5
15. Nb3 Bb4 16. Rd3 Nf6 17. Nd2 Qc7 18. a3 Be7 1/2-1/2

[Event "British Columbia-ch"]
[Site "Vancouver CAN"]
[Date "2018.10.06"]
[Round "2.3"]
[White "Nyamdorj, Davaa-Ochir"]
[Black "Bremner, William"]
[Result "1-0"]
[WhiteElo "2318"]
[BlackElo "2155"]
[PlyCount "51"]
[EventDate "2018.10.05"]
[EventType "tourn"]
[EventRounds "1"]
[EventCountry "CAN"]

1. e4 c6 2. d4 d5 3. Nc3 dxe4 4. Nxe4 Bf5 5. Ng3 Bg6 6. Nf3 Nd7 7. Bd3 e6 8.
O-O Ngf6 9. Re1 Be7 10. c3 O-O 11. Bxg6 hxg6 12. Bg5 Re8 13. Qd2 Qc7 14. Ne4
Nxe4 15. Rxe4 Nf6 16. Rh4 c5 17. Qd3 Nd5 18. c4 Nb4 19. Qe4 cxd4 20. Qg4 e5 21.
Bxe7 Qxe7 22. Ng5 f6 23. Rh8+ Kxh8 24. Qh3+ Kg8 25. Qh7+ Kf8 26. Qh8# 1-0

[Event "British Columbia-ch"]
[Site "Vancouver CAN"]
[Date "2018.10.06"]
[Round "3.2"]
[White "Bremner, William"]
[Black "Morozov, Grigory"]
[Result "0-1"]
[WhiteElo "2155"]
[BlackElo "2365"]
[PlyCount "44"]
[EventDate "2018.10.05"]
[EventType "tourn"]
[EventRounds "1"]
[EventCountry "CAN"]

1. d4 d5 2. c4 e6 3. Nf3 c6 4. Qc2 Nf6 5. g3 b5 6. b3 Ba6 7. Bg2 bxc4 8. O-O
cxb3 9. axb3 Qb6 10. Nc3 Nbd7 11. Qa2 Bb5 12. Ba3 c5 13. Rfc1 Bc6 14. e3 Bd6
15. dxc5 Nxc5 16. Bxc5 Bxc5 17. Ne5 Bd7 18. Na4 Bxa4 19. Qxa4+ Kf8 20. b4 Bxe3
21. Nd3 Bxc1 22. Rxc1 g6 0-1

[Event "British Columbia-ch"]
[Site "Vancouver CAN"]
[Date "2018.10.06"]
[Round "3.3"]
[White "Hemstapat, Andrew"]
[Black "Nyamdorj, Davaa-Ochir"]
[Result "1/2-1/2"]
[WhiteElo "2201"]
[BlackElo "2318"]
[PlyCount "58"]
[EventDate "2018.10.05"]
[EventType "tourn"]
[EventRounds "1"]
[EventCountry "CAN"]

1. e4 c5 2. Nf3 d6 3. d4 cxd4 4. Nxd4 Nf6 5. Nc3 Nc6 6. Bc4 e6 7. Bb3 a6 8. Be3
Qc7 9. Qe2 Na5 10. O-O b5 11. a3 Bb7 12. Rfe1 Nxb3 13. cxb3 Nxe4 14. Nxe4 Bxe4
15. Bg5 Bd5 16. Rad1 Qb7 17. Qh5 g6 18. Qh3 Be7 19. Bxe7 Kxe7 20. Ne2 g5 21.
Qg3 f6 22. Nf4 Kf7 23. Nxd5 exd5 24. Qxd6 Rad8 25. Qe6+ Kg7 26. h4 h6 27. h5
Rhe8 28. Qxe8 Rxe8 29. Rxe8 Qf7 1/2-1/2

[Event "British Columbia-ch"]
[Site "Vancouver CAN"]
[Date "2018.10.07"]
[Round "4.2"]
[White "Nyamdorj, Davaa-Ochir"]
[Black "Sohal, Tanraj"]
[Result "0-1"]
[WhiteElo "2318"]
[BlackElo "2377"]
[PlyCount "66"]
[EventDate "2018.10.05"]
[EventType "tourn"]
[EventRounds "1"]
[EventCountry "CAN"]

1. e4 c5 2. Nf3 e6 3. d4 cxd4 4. Nxd4 Nc6 5. Nc3 Qc7 6. Be3 a6 7. a3 b5 8. g3
Bb7 9. Bg2 Ne5 10. O-O Nf6 11. Qe2 Nc4 12. Bc1 Be7 13. Re1 Qb6 14. Nf5 exf5 15.
exf5 O-O 16. b3 Bxg2 17. Kxg2 Nd6 18. Qf3 Rae8 19. g4 Qc6 20. Bf4 Nb7 21. g5
Nh5 22. Bd2 Bd8 23. Ne4 a5 24. c4 bxc4 25. bxc4 g6 26. Rab1 Nd6 27. Nxd6 Qxd6
28. Be3 Bc7 29. Rb7 Ng7 30. Rb5 Nxf5 31. Rxf5 gxf5 32. Qxf5 Qe6 33. Qc5 Qc6+
0-1

[Event "British Columbia-ch"]
[Site "Vancouver CAN"]
[Date "2018.10.07"]
[Round "4.3"]
[White "Morozov, Grigory"]
[Black "Hemstapat, Andrew"]
[Result "1-0"]
[WhiteElo "2365"]
[BlackElo "2201"]
[PlyCount "117"]
[EventDate "2018.10.05"]
[EventType "tourn"]
[EventRounds "1"]
[EventCountry "CAN"]

1. d4 Nf6 2. c4 g6 3. Nc3 Bg7 4. e4 d6 5. Nf3 O-O 6. Be2 e5 7. dxe5 dxe5 8.
Qxd8 Rxd8 9. Bg5 Re8 10. Nd5 Nxd5 11. cxd5 c6 12. Bc4 cxd5 13. Bxd5 Nd7 14. Rc1
h6 15. Be3 Nf6 16. Bb3 Be6 17. Bxe6 Rxe6 18. Rc7 Nxe4 19. Rxb7 Ra6 20. a3 Nd6
21. Rb4 Rc6 22. O-O a5 23. Ra4 f5 24. Rb1 Rac8 25. b3 Ne4 26. Re1 Nc5 27. Rxa5
Nxb3 28. Rb5 Nc5 29. Rc1 Nd3 30. Rxc6 Rxc6 31. g3 Rd6 32. Rb6 Rxb6 33. Bxb6 Kf7
34. a4 g5 35. a5 Nb4 36. Nd2 Bf8 37. Nc4 Ke6 38. Kg2 g4 39. h3 h5 40. hxg4 hxg4
41. Ne3 Bh6 42. Kf1 Bxe3 43. Bxe3 Kd5 44. Bd2 Nc6 45. a6 Ke4 46. Bc3 f4 47. Ke2
Na7 48. Bb2 Nb5 49. Kd2 Kd5 50. Kd3 Nc7 51. a7 Na8 52. Bc1 f3 53. Bd2 Nb6 54.
Ba5 Na8 55. Ke3 e4 56. Kf4 Kd4 57. Bd2 Kd3 58. Be3 Nc7 59. Ke5 1-0

[Event "British Columbia-ch"]
[Site "Vancouver CAN"]
[Date "2018.10.07"]
[Round "5.1"]
[White "Bremner, William"]
[Black "Doknjas, Joshua"]
[Result "0-1"]
[WhiteElo "2155"]
[BlackElo "2250"]
[PlyCount "62"]
[EventDate "2018.10.05"]
[EventType "tourn"]
[EventRounds "1"]
[EventCountry "CAN"]

1. d4 Nf6 2. c4 e6 3. g3 c5 4. d5 exd5 5. cxd5 d6 6. Nc3 g6 7. Bg2 Bg7 8. Nf3
O-O 9. O-O Re8 10. Nd2 a6 11. a4 Nbd7 12. Nc4 Ne5 13. Na3 Bd7 14. f4 Neg4 15.
Qd3 b5 16. Nc2 c4 17. Qf3 b4 18. Nd1 Bf5 19. Nxb4 Qb6+ 20. Kh1 Qxb4 21. Nc3 Qc5
22. Ra3 Ne3 23. Rg1 Nc2 24. Ra2 Ng4 25. h3 Nf2+ 26. Kh2 Ne4 27. g4 Nxc3 28.
bxc3 Be4 29. Qxe4 Rxe4 30. Bxe4 Ne3 31. Rg3 Nf1+ 0-1

[Event "British Columbia-ch"]
[Site "Vancouver CAN"]
[Date "2018.10.07"]
[Round "5.3"]
[White "Sohal, Tanraj"]
[Black "Morozov, Grigory"]
[Result "1/2-1/2"]
[WhiteElo "2377"]
[BlackElo "2365"]
[PlyCount "39"]
[EventDate "2018.10.05"]
[EventType "tourn"]
[EventRounds "1"]
[EventCountry "CAN"]

1. d4 d5 2. c4 c6 3. cxd5 cxd5 4. Bf4 Nc6 5. e3 Nf6 6. Nc3 a6 7. Bd3 Bg4 8.
Nge2 e6 9. h3 Bh5 10. Rc1 Be7 11. O-O O-O 12. Na4 Nd7 13. Bh2 e5 14. dxe5 Ndxe5
15. Nac3 Nc4 16. Bb1 Nb4 17. b3 Na3 18. Bf5 Nb5 19. Qd2 Nxc3 20. Nxc3 1/2-1/2

[Event "British Columbia-ch"]
[Site "Vancouver CAN"]
[Date "2018.10.08"]
[Round "6.1"]
[White "Doknjas, Joshua"]
[Black "Nyamdorj, Davaa-Ochir"]
[Result "1-0"]
[WhiteElo "2250"]
[BlackElo "2318"]
[PlyCount "59"]
[EventDate "2018.10.05"]
[EventType "tourn"]
[EventRounds "1"]
[EventCountry "CAN"]

1. e4 e5 2. Nf3 Nc6 3. d4 exd4 4. Nxd4 Bc5 5. Be3 Bb6 6. Nf5 Bxe3 7. Nxe3 Nf6
8. Nc3 O-O 9. Qd2 d6 10. Be2 a5 11. g4 a4 12. a3 Nd7 13. h4 Nc5 14. O-O-O Bd7
15. g5 Na5 16. Kb1 b5 17. Ned5 c6 18. Nb4 Ncb7 19. h5 c5 20. Nbd5 b4 21. axb4
cxb4 22. Nxb4 Nb3 23. cxb3 axb3 24. Qd4 Qa5 25. Na6 Nc5 26. h6 Ne6 27. Qxd6 Ra7
28. Rd5 Qd8 29. hxg7 Re8 30. Qh2 1-0

[Event "British Columbia-ch"]
[Site "Vancouver CAN"]
[Date "2018.10.08"]
[Round "6.4"]
[White "Bremner, William"]
[Black "Hemstapat, Andrew"]
[Result "0-1"]
[WhiteElo "2155"]
[BlackElo "2201"]
[PlyCount "84"]
[EventDate "2018.10.05"]
[EventType "tourn"]
[EventRounds "1"]
[EventCountry "CAN"]

1. d4 Nf6 2. c4 g6 3. Nc3 Bg7 4. e4 d6 5. Nf3 O-O 6. Be2 e5 7. O-O Nc6 8. d5
Ne7 9. Ne1 Nd7 10. Be3 f5 11. f3 f4 12. Bf2 g5 13. g4 h5 14. h3 Nf6 15. Nd3 Bd7
16. Kg2 Ng6 17. Rh1 Rf7 18. a4 Bf8 19. a5 Be7 20. Ra3 Qf8 21. Rb3 b6 22. Ra3 a6
23. Rf1 Qh6 24. Rh1 Raf8 25. Ne1 Rh7 26. Nd3 Bc8 27. Nb4 Kf7 28. Nd3 Rfh8 29.
axb6 cxb6 30. Rb3 Bd8 31. Ra3 Kg8 32. Ra1 Qf8 33. Rg1 hxg4 34. hxg4 Rh2+ 35.
Kf1 Nh4 36. Bxh4 R8xh4 37. Nf2 b5 38. c5 dxc5 39. d6 c4 40. Nd5 Qxd6 41. Nxf6+
Qxf6 42. Rg2 Bb6 0-1

[Event "British Columbia-ch"]
[Site "Vancouver CAN"]
[Date "2018.10.08"]
[Round "7.1"]
[White "Hemstapat, Andrew"]
[Black "Doknjas, Joshua"]
[Result "1-0"]
[WhiteElo "2201"]
[BlackElo "2250"]
[PlyCount "165"]
[EventDate "2018.10.05"]
[EventType "tourn"]
[EventRounds "1"]
[EventCountry "CAN"]

1. e4 c5 2. Nf3 d6 3. d4 cxd4 4. Nxd4 Nf6 5. Nc3 a6 6. Bg5 Nbd7 7. f4 Qc7 8.
Qf3 b5 9. a3 Bb7 10. Bd3 g6 11. Nb3 Bg7 12. O-O O-O 13. Rae1 Rac8 14. Qh3 Rfe8
15. Kh1 Nb6 16. e5 Nfd5 17. Ne4 f5 18. exf6 exf6 19. f5 Qd7 20. Bc1 Re5 21. Nd4
Rce8 22. Nf3 R5e7 23. Qg3 gxf5 24. Nxd6 Rxe1 25. Nxe1 f4 26. Bxf4 Rd8 27. Bh6
Ne3 28. Rxf6 Qg4 29. Bxg7 Qxg3 30. hxg3 Kxg7 31. Nxb7 Rxd3 32. Re6 Rd7 33. Nc5
Rd5 34. Ned3 Rh5+ 35. Kg1 Nbd5 36. c3 Nc4 37. Rxa6 Rf5 38. Ne6+ Kg8 39. Nd4 Rf8
40. Nxb5 Nde3 41. Kh2 Rf1 42. g4 Nxg4+ 43. Kg3 Nge3 44. Nd4 h5 45. Nf3 Rd1 46.
Ra8+ Kg7 47. Ra7+ Kf6 48. Nf2 Rf1 49. b3 Nd6 50. Nh4 Rc1 51. Ra6 Nf1+ 52. Kf4
Ke7 53. Ng6+ Kd7 54. Ne5+ Ke7 55. Ra7+ Kf6 56. c4 Rc2 57. Ned3 Nd2 58. c5 Nb5
59. Ra6+ Ke7 60. a4 Nd4 61. b4 Ne6+ 62. Kf5 Nc7 63. Rh6 Nc4 64. Rh7+ Kd8 65. b5
Nd5 66. Kg5 Ra2 67. b6 Kc8 68. Ra7 Kb8 69. Kxh5 Re2 70. g4 Re6 71. g5 Nce3 72.
Rh7 Nf5 73. a5 Re8 74. a6 Nfe7 75. Ne5 Nf4+ 76. Kg4 Nfd5 77. Nfd3 Rg8 78. Kh3
Ka8 79. Rf7 Rh8+ 80. Kg3 Rg8 81. Kf2 Rh8 82. g6 Rg8 83. g7 1-0

[Event "British Columbia-ch"]
[Site "Vancouver CAN"]
[Date "2018.10.08"]
[Round "7.2"]
[White "Sohal, Tanraj"]
[Black "Bremner, William"]
[Result "1-0"]
[WhiteElo "2377"]
[BlackElo "2155"]
[PlyCount "41"]
[EventDate "2018.10.05"]
[EventType "tourn"]
[EventRounds "1"]
[EventCountry "CAN"]

1. d4 Nf6 2. c4 e6 3. Nf3 d5 4. Nc3 Be7 5. Bf4 O-O 6. e3 Nbd7 7. Rc1 c6 8. Bd3
b6 9. cxd5 Nxd5 10. Nxd5 cxd5 11. O-O Bb7 12. Rc7 e5 13. Bxe5 Nxe5 14. Rxb7
Nxf3+ 15. Qxf3 Bd6 16. g3 Bb8 17. Rc1 Qd6 18. Rxf7 Rxf7 19. Rc8+ Rf8 20. Rxf8+
Qxf8 21. Bxh7+ 1-0

[Event "British Columbia-ch"]
[Site "Vancouver CAN"]
[Date "2018.10.08"]
[Round "7.4"]
[White "Nyamdorj, Davaa-Ochir"]
[Black "Morozov, Grigory"]
[Result "0-1"]
[WhiteElo "2318"]
[BlackElo "2365"]
[PlyCount "118"]
[EventDate "2018.10.05"]
[EventType "tourn"]
[EventRounds "1"]
[EventCountry "CAN"]

1. d4 d5 2. Bf4 c6 3. c3 Bf5 4. e3 Nf6 5. h3 Nbd7 6. Nf3 Qb6 7. Qb3 a5 8. Qxb6
Nxb6 9. Nbd2 h6 10. Ne5 Na4 11. Bd3 Bxd3 12. Nxd3 e6 13. Ke2 c5 14. dxc5 Nxc5
15. Nxc5 Bxc5 16. Nb3 Bb6 17. a4 Ke7 18. Be5 Rhc8 19. Bxf6+ Kxf6 20. Rhd1 Rc4
21. Nd2 Rc6 22. Ra3 Bc5 23. Rb3 Rb6 24. Rxb6 Bxb6 25. e4 Rc8 26. exd5 exd5 27.
Nf3 Ke6 28. Nd4+ Ke5 29. g3 Rc4 30. f4+ Kf6 31. Nc2 Re4+ 32. Kf3 Ke6 33. Nd4+
Bxd4 34. Rxd4 f5 35. b3 Kd6 36. g4 g6 37. gxf5 gxf5 38. Rd1 Kc5 39. Rg1 d4 40.
cxd4+ Rxd4 41. Rc1+ Kb4 42. Rc7 Rd3+ 43. Kg2 Rxb3 44. Rxb7+ Kxa4 45. Rh7 Rb6
46. Rf7 Rb5 47. Rh7 Kb4 48. Rxh6 a4 49. h4 a3 50. Re6 a2 51. Re1 Kc3 52. Re3+
Kb2 53. Re2+ Ka3 54. Re3+ Ka4 55. Re1 Rb1 56. Re8 a1=Q 57. Ra8+ Kb4 58. Rxa1
Rxa1 59. h5 Ra3 0-1

[Event "British Columbia-ch Senior"]
[Site "Surrey CAN"]
[Date "2018.06.22"]
[Round "1.1"]
[White "Fuentebella, Mayo"]
[Black "Harris, Philip"]
[Result "1-0"]
[WhiteElo "2299"]
[BlackElo "1690"]
[PlyCount "79"]
[EventDate "2018.06.22"]
[EventType "swiss"]
[EventRounds "5"]
[EventCountry "CAN"]

1. c4 e5 2. Nc3 Nf6 3. Nf3 Nc6 4. e4 Bc5 5. Nxe5 Nxe5 6. d4 Bb4 7. dxe5 Nxe4 8.
Qd4 Nxc3 9. bxc3 Be7 10. Bf4 O-O 11. Be2 f6 12. O-O fxe5 13. Bxe5 Bf6 14. Bf3
Bxe5 15. Qxe5 d6 16. Qd4 Qf6 17. Rfe1 Qxd4 18. cxd4 c6 19. Re7 Rf7 20. Rae1
Rxe7 21. Rxe7 Kf8 22. Rc7 Rb8 23. h3 Bf5 24. Bg4 Bxg4 25. hxg4 Re8 26. Rxb7 Re4
27. d5 cxd5 28. cxd5 Rd4 29. Rxa7 Rxd5 30. a4 Rd1+ 31. Kh2 d5 32. Kg3 Ra1 33.
a5 d4 34. Kf3 Ra2 35. a6 h6 36. Ra8+ Kf7 37. a7 Ra4 38. Ke4 Kg6 39. f4 Kf7 40.
f5 1-0

[Event "British Columbia-ch Senior"]
[Site "Surrey CAN"]
[Date "2018.06.22"]
[Round "1.2"]
[White "Lapenna, Richard"]
[Black "Mohammed Qanee, Arpak Worya"]
[Result "0-1"]
[WhiteElo "1674"]
[BlackElo "2166"]
[PlyCount "66"]
[EventDate "2018.06.22"]
[EventType "swiss"]
[EventRounds "5"]
[EventCountry "CAN"]

1. e4 c5 2. Nf3 Nc6 3. d4 cxd4 4. Nxd4 e5 5. Nb5 d6 6. N1c3 a6 7. Na3 b5 8. Nd5
Nf6 9. Bg5 Be7 10. Bxf6 Bxf6 11. c3 O-O 12. Nc2 Bg5 13. Nde3 Ne7 14. h4 Bxe3
15. Nxe3 Bb7 16. Bd3 d5 17. exd5 Nxd5 18. Qh5 g6 19. Qh6 Nxe3 20. Qxe3 Bxg2 21.
Rg1 Qxh4 22. Rxg2 Qh1+ 23. Bf1 Rad8 24. Rg3 f5 25. Rh3 Qb7 26. c4 Rd4 27. Qb3
b4 28. c5+ Kg7 29. Rd1 Rfd8 30. Rxd4 Rxd4 31. Qe6 Qe4+ 32. Re3 Qb1+ 33. Ke2
Qd1# 0-1

[Event "British Columbia-ch Senior"]
[Site "Surrey CAN"]
[Date "2018.06.22"]
[Round "1.3"]
[White "McLaren, Brian"]
[Black "Forman, Ken"]
[Result "1-0"]
[WhiteElo "2130"]
[BlackElo "1648"]
[PlyCount "101"]
[EventDate "2018.06.22"]
[EventType "swiss"]
[EventRounds "5"]
[EventCountry "CAN"]

1. e4 d6 2. d4 Nf6 3. Nc3 g6 4. Nf3 Bg7 5. Be3 O-O 6. Qd2 Re8 7. h3 b6 8. O-O-O
Bb7 9. Bd3 c5 10. Rde1 Nbd7 11. Bh6 Bh8 12. d5 a6 13. Nd1 b5 14. c4 Qb6 15. Ne3
bxc4 16. Nxc4 Qb4 17. Qc2 Bc8 18. Bd2 Qb8 19. Bc3 Bb7 20. Re2 Bg7 21. Rhe1 Nh5
22. Bxg7 Nxg7 23. Qd2 Qc7 24. Bc2 Nf8 25. g4 Red8 26. h4 Rab8 27. h5 Qd7 28.
Rg1 Qb5 29. Bd3 Qb4 30. Qf4 e5 31. Qh6 Bc8 32. Nh4 Bd7 33. Nxd6 Bxg4 34. Nhf5
Bxf5 35. Nxf5 Nxf5 36. exf5 Qf4+ 37. Qxf4 exf4 38. fxg6 hxg6 39. hxg6 fxg6 40.
Bxg6 Nxg6 41. Rxg6+ Kf7 42. Ree6 Rxd5 43. Rgf6+ Kg7 44. Rxf4 a5 45. Re3 Rg5 46.
Rg3 Kg6 47. Rxg5+ Kxg5 48. Rf7 Rb4 49. Kc2 Rd4 50. Kc3 Kg4 51. f3+ 1-0

[Event "British Columbia-ch Senior"]
[Site "Surrey CAN"]
[Date "2018.06.22"]
[Round "1.4"]
[White "Ingram, Richard"]
[Black "Patterson, Roger"]
[Result "1/2-1/2"]
[WhiteElo "1610"]
[BlackElo "2064"]
[PlyCount "72"]
[EventDate "2018.06.22"]
[EventType "swiss"]
[EventRounds "5"]
[EventCountry "CAN"]

1. e4 c5 2. Nf3 d6 3. d4 cxd4 4. Nxd4 Nf6 5. Nc3 e6 6. g4 h6 7. h4 Be7 8. Qf3
Nc6 9. Nxc6 bxc6 10. Be3 e5 11. Rg1 Nh7 12. Bc4 Be6 13. Bxe6 fxe6 14. g5 hxg5
15. Qh5+ Kd7 16. hxg5 Nxg5 17. Qg4 Bf6 18. O-O-O Nf7 19. Bc5 Qe7 20. Rxd6+ Nxd6
21. Rd1 Rad8 22. Bxd6 Qxd6 23. Rxd6+ Kxd6 24. b3 Ke7 25. Na4 Rh4 26. Qg3 Rxe4
27. Nc5 Rf4 28. Qh3 Rf5 29. Qg2 Kf7 30. Qxc6 Rxf2 31. Qxe6+ Kg6 32. Ne4 Rf4 33.
Nd6 Kh7 34. Ne8 Kg6 35. Nd6 Kh7 36. Ne8 Kg6 1/2-1/2

[Event "British Columbia-ch Senior"]
[Site "Surrey CAN"]
[Date "2018.06.22"]
[Round "1.5"]
[White "Swett, Graham"]
[Black "Sullivan, Brian"]
[Result "1-0"]
[WhiteElo "1997"]
[BlackElo "1596"]
[PlyCount "131"]
[EventDate "2018.06.22"]
[EventType "swiss"]
[EventRounds "5"]
[EventCountry "CAN"]

1. Nf3 d5 2. g3 c5 3. d3 Nf6 4. Bg2 Nc6 5. O-O g6 6. Nbd2 Bg7 7. h3 O-O 8. c3
Qc7 9. e4 dxe4 10. dxe4 Rd8 11. Qe2 e5 12. Nh2 Be6 13. Ng4 Qd7 14. Nxf6+ Bxf6
15. Kh2 Qd3 16. Bf3 Bg5 17. Rd1 Rd7 18. Qxd3 Rxd3 19. Be2 Rd6 20. Nf1 Rxd1 21.
Bxd1 Bxc1 22. Rxc1 Rd8 23. b3 Kg7 24. Be2 f5 25. f3 Rd6 26. Rc2 a6 27. h4 Kf6
28. Kg2 h6 29. Ne3 f4 30. gxf4 exf4 31. Nc4 Bxc4 32. Bxc4 Ne7 33. a4 g5 34.
hxg5+ hxg5 35. Rb2 Ke5 36. b4 cxb4 37. Rxb4 Rd7 38. Rb6 Nc6 39. Bxa6 Rd2+ 40.
Kg1 g4 41. Bxb7 Rd1+ 42. Kg2 Rd2+ 43. Kf1 g3 44. Rb5+ Ke6 45. Rg5 Rf2+ 46. Kg1
Ne5 47. Bc8+ Kd6 48. Bg4 Nxf3+ 49. Bxf3 Rxf3 50. c4 Rf2 51. a5 Ra2 52. a6 Kc6
53. e5 Kc5 54. Rg4 Rxa6 55. Rxf4 Re6 56. Re4 Rg6 57. Kg2 Kc6 58. e6 Rg8 59. e7
Re8 60. Kxg3 Kd7 61. Kf4 Rxe7 62. Rxe7+ Kxe7 63. Ke5 Kd7 64. Kd5 Kc7 65. Kc5
Kc8 66. Kc6 1-0

[Event "British Columbia-ch Senior"]
[Site "Surrey CAN"]
[Date "2018.06.23"]
[Round "2.1"]
[White "Kagaoan, Jose"]
[Black "Fuentebella, Mayo"]
[Result "1/2-1/2"]
[WhiteElo "1944"]
[BlackElo "2299"]
[PlyCount "120"]
[EventDate "2018.06.22"]
[EventType "swiss"]
[EventRounds "5"]
[EventCountry "CAN"]

1. e4 e6 2. d4 d5 3. Nd2 c5 4. Ngf3 Nc6 5. Bb5 dxe4 6. Nxe4 Nf6 7. Nxf6+ gxf6
8. O-O cxd4 9. Nxd4 Bd7 10. Nxc6 Bxc6 11. Bxc6+ bxc6 12. Qf3 Qd5 13. Qxf6 Rg8
14. f3 Bc5+ 15. Kh1 Qc4 16. Bg5 h6 17. Qxh6 Qxc2 18. Rac1 Qf5 19. h4 Bd4 20. g4
Qd5 21. Rcd1 c5 22. b3 Kd7 23. Qh7 Kc6 24. Qe4 Qxe4 25. fxe4 f6 26. Rxf6 Bxf6
27. Bxf6 Rxg4 28. e5 Rag8 29. Rd2 R8g6 30. Kh2 c4 31. Rc2 Kd5 32. bxc4+ Kd4 33.
c5 Kd3 34. Rb2 Rc4 35. Kh3 Rc1 36. Bg5 Rxc5 37. Bf6 Rc1 38. Bg5 Re1 39. Rb5 Kd4
40. Bf4 Ke4 41. Rb4+ Kf3 42. Bh2 Rh6 43. Rf4+ Ke3 44. Rf6 Rxf6 45. exf6 Rf1 46.
Kg4 Rxf6 47. Kg5 Rf5+ 48. Kg6 Kf3 49. h5 Kg4 50. h6 Rh5 51. Bg1 a6 52. h7 e5
53. Be3 Rxh7 54. Kxh7 Kf3 55. Bb6 e4 56. Kg6 Ke2 57. Kf5 Kd3 58. Kf4 Kc4 59. a4
Kd5 60. Ba5 Kc4 1/2-1/2

[Event "British Columbia-ch Senior"]
[Site "Surrey CAN"]
[Date "2018.06.23"]
[Round "2.2"]
[White "Mohammed Qanee, Arpak Worya"]
[Black "Bince, Rolando"]
[Result "1-0"]
[WhiteElo "2166"]
[BlackElo "1965"]
[PlyCount "91"]
[EventDate "2018.06.22"]
[EventType "swiss"]
[EventRounds "5"]
[EventCountry "CAN"]

1. Nf3 d5 2. c4 d4 3. e3 c5 4. exd4 cxd4 5. g3 Nc6 6. Bg2 Nf6 7. O-O g6 8. a3
a5 9. d3 Bg7 10. Nbd2 O-O 11. Rb1 a4 12. b4 axb3 13. Rxb3 Ra6 14. Re1 Rb6 15.
a4 Re8 16. Rb5 Nd7 17. Ba3 Rxb5 18. axb5 Nce5 19. Nb3 Nxf3+ 20. Bxf3 Ne5 21.
Be4 f5 22. Bg2 Nf7 23. Nc5 Qb6 24. Qb3 e6 25. Na4 Qd8 26. c5 Be5 27. Nb6 Kg7
28. Qc4 Bb8 29. Nxc8 Qxc8 30. Qxd4+ e5 31. Qd5 Nd8 32. Bb2 Qe6 33. f4 Qxd5 34.
Bxd5 Kf6 35. Kg2 Re7 36. c6 bxc6 37. bxc6 Nf7 38. h4 h5 39. Kf3 Bd6 40. Bxf7
Kxf7 41. fxe5 Bb4 42. Rc1 Rc7 43. Rc4 Be1 44. d4 Ke6 45. Rc5 Bb4 46. d5+ 1-0

[Event "British Columbia-ch Senior"]
[Site "Surrey CAN"]
[Date "2018.06.23"]
[Round "2.3"]
[White "Escandor, Manuel Omana"]
[Black "McLaren, Brian"]
[Result "0-1"]
[WhiteElo "1820"]
[BlackElo "2130"]
[PlyCount "56"]
[EventDate "2018.06.22"]
[EventType "swiss"]
[EventRounds "5"]
[EventCountry "CAN"]

1. e4 Nf6 2. Nc3 d5 3. e5 Ne4 4. Qf3 Nxc3 5. Qxc3 d4 6. Qf3 Nc6 7. Bb5 Bd7 8.
Qe4 a6 9. Bc4 Qc8 10. Nf3 Bf5 11. Qf4 Qd7 12. g4 Be6 13. Bxe6 Qxe6 14. Nxd4
Qxe5+ 15. Qxe5 Nxe5 16. h3 O-O-O 17. Nb3 h5 18. gxh5 Rxh5 19. d3 e6 20. Ke2 Be7
21. f4 Ng6 22. Kf3 Rdh8 23. Kg3 Bd6 24. Nd4 e5 25. Ne2 exf4+ 26. Nxf4 Nxf4 27.
Bxf4 Rg5+ 28. Kf3 Rf5 0-1

[Event "British Columbia-ch Senior"]
[Site "Surrey CAN"]
[Date "2018.06.23"]
[Round "2.4"]
[White "Leblanc, Paul"]
[Black "Swett, Graham"]
[Result "0-1"]
[WhiteElo "1800"]
[BlackElo "1997"]
[PlyCount "62"]
[EventDate "2018.06.22"]
[EventType "swiss"]
[EventRounds "5"]
[EventCountry "CAN"]

1. d4 g6 2. c4 Bg7 3. Nc3 c5 4. d5 d6 5. e4 Nh6 6. h3 f5 7. exf5 Nxf5 8. Nf3
O-O 9. Be2 Nd4 10. Nxd4 cxd4 11. Nb5 e5 12. dxe6 Nc6 13. O-O a6 14. Na3 Bxe6
15. Nc2 d5 16. c5 Qe7 17. Rb1 Qxc5 18. b4 Qe7 19. a4 Qh4 20. b5 axb5 21. axb5
Ne7 22. Rb3 Ra4 23. Bb2 Nf5 24. g4 Ne3 25. Nxe3 dxe3 26. Rxe3 Bxb2 27. Qxa4 Bf7
28. Qb3 d4 29. Qxb2 dxe3 30. fxe3 Qg3+ 31. Kh1 Bd5+ 0-1

[Event "British Columbia-ch Senior"]
[Site "Surrey CAN"]
[Date "2018.06.23"]
[Round "2.5"]
[White "Hoshizaki, Dale"]
[Black "Monkhouse, Neale"]
[Result "1-0"]
[WhiteElo "1985"]
[BlackElo "1800"]
[PlyCount "93"]
[EventDate "2018.06.22"]
[EventType "swiss"]
[EventRounds "5"]
[EventCountry "CAN"]

1. e4 c5 2. Nc3 Nc6 3. f4 d6 4. Nf3 g6 5. Bb5 Bd7 6. d3 Bg7 7. Bxc6 Bxc6 8. O-O
e6 9. f5 h6 10. Qe1 Qd7 11. fxg6 fxg6 12. Qg3 Ne7 13. Be3 b6 14. d4 O-O-O 15.
a4 a5 16. Ra3 Qb7 17. Qg4 Bd7 18. Qg3 Bc6 19. Re1 Bd7 20. dxc5 dxc5 21. Qd6 Nc6
22. Rb3 Bf8 23. Qg3 g5 24. Nb5 Nb4 25. Qe5 Rg8 26. Re2 Nc6 27. Qg3 Nb4 28. Qe5
Nc6 29. Nd6+ Bxd6 30. Qxd6 Qc7 31. Rd2 Nb4 32. c3 Qxd6 33. Rxd6 Nc2 34. Bf2
Bxa4 35. Rbxb6 Rxd6 36. Rxd6 Rd8 37. Rxd8+ Kxd8 38. Bxc5 Bc6 39. Nd2 a4 40. Kf2
Na1 41. g4 Ke8 42. Ke3 Nc2+ 43. Kd3 Ne1+ 44. Kd4 Kf7 45. Bd6 Ng2 46. Nf3 Bd7
47. Ne5+ 1-0